| 000 | 01146nam a2200253Ia 4500 | ||
|---|---|---|---|
| 999 |
_c4600 _d4600 |
||
| 003 | OSt | ||
| 005 | 20200406135718.0 | ||
| 008 | 191128s2010 ck fr 000 0dspa d | ||
| 020 | _a9789584468659 | ||
| 040 |
_aCO-JMCR _cCO-JMCR |
||
| 041 | 0 | _aspa | |
| 082 | 0 | 4 |
_a179.8 / _bG569o |
| 100 | 1 |
_aGómez Aristizábal, Horacio, _eautor _9619 |
|
| 245 | 1 | 3 |
_aEl odio entre los grandes : _bpolíticos, académicos, artistas, religiosos, famosos : textos diversos y ensayos / _cHoracio Gómez Aristizábal |
| 260 |
_aBogotá : _bEditorial Kimpres, _c2010 |
||
| 300 |
_a226 páginas ; _c22 cm. |
||
| 500 | _aIncluye datos biográficos del autor. | ||
| 505 | 0 | _aEl odio entre los grandes. Que odio tan odio, el de Voltaire contra Rousseau. Atroces insultos de Voltaire contra Rousseau -- Duro ataque de los grandes -- Sección política: "El odio entre liberales y conservadores" -- El odio entre latinoamericanos -- Las frases más hirientes contra las academias y los académicos | |
| 650 | 1 | 4 |
_aOdio _91591 |
| 650 | 1 | 4 |
_aCasos _xenvidia _91592 |
| 650 | 1 | 4 |
_aCasos _xpersonajes _91593 |
| 650 | 1 | 4 |
_aAspectos psicológicos _91594 |
| 942 |
_2ddc _cBK |
||